Corruption et politique : rien de nouveau ? (notice n° 1568096)

détails MARC
000 -LEADER
fixed length control field 01293cam a2200133 4500500
005 - DATE AND TIME OF LATEST TRANSACTION
control field 20251214004002.0
041 ## - LANGUAGE CODE
Language code of text/sound track or separate title fre
042 ## - AUTHENTICATION CODE
Authentication code dc
100 10 - MAIN ENTRY--PERSONAL NAME
Personal name Monier, Frédéric
Relator term author
245 00 - TITLE STATEMENT
Title Corruption et politique : rien de nouveau ?
260 ## - PUBLICATION, DISTRIBUTION, ETC.
Name of publisher, distributor, etc. Armand Colin,<br/>
Date of publication, distribution, etc. 2011.<br/>
520 ## - SUMMARY, ETC.
Summary, etc. L’affaire Woerth-Bettencourt a agité la vie politique française. Ce n’est certes pas la première fois que la République est touchée par un scandale: un avatar de plus d’une corruption bien dans ses meubles au sein du système français de pouvoir&amp;#8239;?Méfions-nous des apparences et d’une prise en otage du passé nourrie par l’incapacité de penser les spécificités du présent. Paradoxalement, c’est l’historien qui est le mieux à même de faire la part des choses.Et c’est donc en historien, et non pas en politiste, et encore moins en journaliste, que Frédéric Monier analyse cette affaire.Il nous livre un éclairage précieux sur cette France d’aujourd’hui, qui, de droite à gauche, de dissensions en fractures, de malaises en psychodrames, se donne tant de mal pour retarder ses rendez-vous avec un avenir démocratique.
856 41 - ELECTRONIC LOCATION AND ACCESS
Uniform Resource Identifier <a href="https://shs.cairn.info/corruption-et-politique-rien-de-nouveau--9782200248604?lang=fr&redirect-ssocas=7080">https://shs.cairn.info/corruption-et-politique-rien-de-nouveau--9782200248604?lang=fr&redirect-ssocas=7080</a>

Pas d'exemplaire disponible.

PLUDOC

PLUDOC est la plateforme unique et centralisée de gestion des bibliothèques physiques et numériques de Guinée administré par le CEDUST. Elle est la plus grande base de données de ressources documentaires pour les Étudiants, Enseignants chercheurs et Chercheurs de Guinée.

Adresse

627 919 101/664 919 101

25 boulevard du commerce
Kaloum, Conakry, Guinée

Réseaux sociaux

Powered by Netsen Group @ 2025